[Event "CRO-ch U15"]
[Site "Trogir"]
[Date "2023.06.25"]
[Round "7"]
[White "Delibasic, Dominik"]
[Black "Mlinaric, Simun"]
[Result "1/2-1/2"]
[WhiteElo "1648"]
[BlackElo "1754"]
[PlyCount "28"]
[EventDate "2023.06.21"]
[EventType "swiss"]
[EventRounds "9"]
[EventCountry "CRO"]
[SourceTitle "EXT 2024"]
[Source "ChessBase"]
[SourceDate "2023.10.10"]
[SourceVersion "1"]
[SourceVersionDate "2023.10.10"]
[SourceQuality "1"]

1. e4 c5 2. Nf3 e6 3. c3 d5 4. exd5 Qxd5 5. d4 Nf6 6. Be2 Nc6 7. 0-0 cxd4 8. Nxd4 Nxd4 9. Qxd4 Qxd4 10. cxd4 Be7 11. Nc3 0-0 12. Bf3 Rd8 13. Be3 Rb8 14. Rac1 b6 1/2-1/2

[Event "CRO-ch U13"]
[Site "Trogir"]
[Date "2021.06.23"]
[Round "8"]
[White "Tomljanovic, Ivano"]
[Black "Delibasic, Dominik"]
[Result "1/2-1/2"]
[WhiteElo "1564"]
[BlackElo "1454"]
[PlyCount "33"]
[EventDate "2021.06.18"]
[EventType "swiss"]
[EventRounds "9"]
[EventCountry "CRO"]
[SourceTitle "EXT 2022"]
[Source "ChessBase"]
[SourceDate "2021.10.06"]
[SourceVersion "1"]
[SourceVersionDate "2021.10.06"]
[SourceQuality "1"]

1. d4 Nf6 2. c4 g6 3. Nc3 Bg7 4. Nf3 d6 5. Bf4 0-0 6. h3 Nbd7 7. e3 Re8 8. Be2 b6 9. 0-0 Bb7 10. Rc1 e5 11. Bh2 e4 12. Nd2 Qe7 13. Qc2 c6 14. Rfd1 a6 15. b3 d5 16. cxd5 cxd5 17. Qb2 1/2-1/2

[Event "CRO-ch U11"]
[Site "Trogir"]
[Date "2020.08.26"]
[Round "4"]
[White "Delibasic, Dominik"]
[Black "Gal, Andrej"]
[Result "0-1"]
[WhiteElo "1463"]
[BlackElo "1753"]
[PlyCount "70"]
[EventDate "2020.08.24"]
[EventType "swiss"]
[EventRounds "9"]
[EventCountry "CRO"]
[SourceTitle "CBM 198 Extra"]
[Source "ChessBase"]
[SourceDate "2020.11.30"]
[SourceVersion "1"]
[SourceVersionDate "2020.11.30"]
[SourceQuality "1"]

1. e4 c5 2. Nf3 a6 3. d4 cxd4 4. Nxd4 Nf6 5. Nc3 e5 6. Nb3 Bb4 7. Bd3 0-0 8. 0-0 Bxc3 9. bxc3 d6 10. h3 Qc7 11. Bd2 Be6 12. Re1 Nbd7 13. Rb1 d5 14. exd5 Bxd5 15. c4 Bc6 16. c5 e4 17. Ba5 Qc8 18. Be2 Bd5 19. c4 Be6 20. Qd6 e3 21. fxe3 Ne4 22. Qc7 Nexc5 23. Nxc5 Nxc5 24. Qxc8 Rfxc8 25. Bb6 Bf5 26. Rb4 Nd7 27. e4 Bxe4 28. Bg4 Bc6 29. Bxd7 Bxd7 30. Re7 Bc6 31. c5 Re8 32. Rxe8+ Rxe8 33. Rb2 f6 34. Kf2 Kf7 35. g3 Re4 0-1

[Event "CRO-ch U11"]
[Site "Trogir"]
[Date "2020.08.25"]
[Round "3"]
[White "Delibasic, Dominik"]
[Black "Radic, Borna"]
[Result "1-0"]
[WhiteElo "1463"]
[BlackElo "1231"]
[PlyCount "86"]
[EventDate "2020.08.24"]
[EventType "swiss"]
[EventRounds "9"]
[EventCountry "CRO"]
[SourceTitle "CBM 198 Extra"]
[Source "ChessBase"]
[SourceDate "2020.11.30"]
[SourceVersion "1"]
[SourceVersionDate "2020.11.30"]
[SourceQuality "1"]

1. e4 d5 2. exd5 Qxd5 3. Nc3 Qa5 4. Nf3 Bg4 5. Be2 Nf6 6. 0-0 c5 7. h3 Bh5 8. Ne5 Bxe2 9. Qxe2 Qc7 10. d3 Nc6 11. Nxc6 Qxc6 12. Bg5 h6 13. Bxf6 Qxf6 14. Rfe1 e6 15. Nd5 Qd8 16. Qe5 Rc8 17. c4 Qd6 18. Qh5 Be7 19. Nxe7 Qxe7 20. Rad1 0-0 21. f4 Qf6 22. Qe5 Qxe5 23. fxe5 Rfd8 24. Re4 Rd4 25. Rxd4 cxd4 26. b4 b6 27. a4 a6 28. Kf2 g5 29. Rf1 Kg7 30. Kg3 a5 31. b5 Rc5 32. Re1 Kg6 33. Kf3 Kf5 34. g4+ Kg6 35. Ke4 f6 36. Kxd4 f5 37. gxf5+ Kxf5 38. Rf1+ Kg6 39. Rf6+ Kh5 40. Rxe6 g4 41. hxg4+ Kxg4 42. Rxh6 Kf5 43. Rf6+ Kg4 1-0